000 00644nam a2200229Ia 4500
003 OSt
005 20220923230735.0
006 a|||||r|||| 00| 0
007 ta
008 Pun
024 _a305,206
037 _cTextual
040 _aARTS
_cARTS
_bPun
041 _2Pun
_aPun
082 _aT:3(O), 153L7
100 _aਥਿੰਦ, ਕਰਨੈਲ ਸਿੰਘ, ਥਦ.
245 0 _aਸਾਹਿਤ ਅਧਿਐਨ ਪ੍ਰਣਾਲੀਆਂ
260 _c1977
650 _aFੳFਣਟਾਂ
_9169154
942 _hT:3(O), 153L7
_cTEXL
_2CC
999 _c387009
_d387009